Beginning MATLAB and Simulink : from novice to professional
Salvato in:
| Autore principale: | |
|---|---|
| Natura: | Sách |
| Lingua: | Undetermined |
| Pubblicazione: |
Apress
2019
|
| Soggetti: | |
| Tags: |
Aggiungi Tag
Nessun Tag, puoi essere il primo ad aggiungerne! !
|
| Thư viện lưu trữ: | Trung tâm Thư viện - Trường Đại học Công nghiệp TP. Hồ Chí Minh |
|---|
| LEADER | 00486nam a2200157Ia 4500 | ||
|---|---|---|---|
| 001 | UIH_00078 | ||
| 008 | 230809s9999 xx 000 0 und d | ||
| 082 | |a 620.00151 | ||
| 100 | |a Eshkabilov,Sulaymon | ||
| 245 | 0 | |a Beginning MATLAB and Simulink : from novice to professional | |
| 245 | 0 | |c Eshkabilov,Sulaymon | |
| 260 | |b Apress | ||
| 260 | |c 2019 | ||
| 650 | |a Matlab;Simulink; | ||
| 927 | |a Sách | ||
| 980 | |a Trung tâm Thư viện - Trường Đại học Công nghiệp TP. Hồ Chí Minh | ||